Responses for Show #3015 - Friday, October 10, 1997

Contestants

[<< previous game]

Doug Kornreich, a lawyer from Reston, Virginia

Darlyne Delaney, a high school teacher from Chicago, Illinois

Dylan Armstrong, a library assistant from Weathersfield, Connecticut (whose 1-day cash winnings total $5,999)

[next game >>]

Jeopardy! Round responses

DEMOCRACY
THE BIG 4-0
(Alex: Talking about age)
TITLE FILM FEMALES
SATIRE
BIOLOGY
FOOLISH PHRASEOLOGY
    $100 3
Political parties

Doug
    $100 19
Henry Aaron

Dylan
    $100 2
Norma Rae

Dylan
    $100 11
"Pretty Woman"

Dylan
    $100 24
(less than a minute to go....)

Muscle

Darlyne
    $100 1
Gracie Allen

Darlyne
    $200 4
(Darlyne: What is a....sorry!)

Republic

DarlyneDoug
    $200 20
Benedict Arnold

Doug
    $200 13
(Dylan: Who is Emma?)

Nell

DylanDoug
    $200 15
Gilbert & Sullivan

Darlyne
    $200 25
RNA (Ribonucleic acid)

Dylan
    $200 8
Lewis Carroll

Dylan
    $300 5
Congressional districts

Doug
    $300 21
Napoleon Bonaparte

Dylan
    $300 14
Marnie

Triple Stumper
    $300 18
National Lampoon

Darlyne
    $300 26
(Darlyne: What is skin?)
(Alex: You had to be very specific)

Epidermis

Darlyne
Triple Stumper
    $300 9
(Darlyne: Who is Babe Ruth?)

Yogi Berra

DarlyneDoug
    $400 6
Equality

Dylan
    $400 22
Lech Walesa

Darlyne
    $500 16
(Alex: Gwyneth Paltrow in that scene.)

Emma

Darlyne
    $400 27
Respiration

Darlyne
    $400 10
Dorothy Parker

Triple Stumper
    $500 7
"Motor-Voter" law

Dylan
    $500 23
Lady Astor

Triple Stumper
    $500 17
Daisy Miller

Doug
    $500 28
[The end-of-round signal sounds.]

threshold

Triple Stumper
    $500 12
The Witch Doctor

Darlyne

Scores at the first commercial break (after clue 15):

Dylan Darlyne Doug
$1,100 $300 $1,100

Scores at the end of the Jeopardy! Round:

Dylan Darlyne Doug
$1,700 $1,700 $1,800

Double Jeopardy! Round responses

ART & ARTISTS
SPEARS
BOOKS ABOUT TV SHOWS
COUNTRIES OF THE WORLD
LANGUAGES
IN THE DICTIONARY
    $200 6
Pablo Picasso

Doug
    $200 13
Javelin

Darlyne
    $200 21
3rd Rock from the Sun

Darlyne
    $200 11
(Dylan: What is a Lapp?)

Icelander

Dylan
Triple Stumper
    $200 1
[Dylan selected the first clue.]

Iran

Doug
    $400 7
Jackson Pollock

Dylan
    $400 14
Ares

Dylan
    $400 22
(Darlyne: What is "LAPD Blue?")
(with a minute to go....)

NYPD Blue

DylanDarlyne
    $400 12
Malta

Darlyne
    $400 2
(Dylan: What is Icelandic?)

Danish

DylanDoug
    $600 8
Edvard Munch

Darlyne
    $600 15
(Dylan: What is a harpoon?)

Spearfishing

Dylan
Triple Stumper
    $600 24
Frasier

Doug
    $600 18
Malaysia

Doug
    $600 3
Spanish

Doug
    $800 9
(Darlyne: Who is Christov?)

Christo

DylanDarlyne
    $800 16
Phalanx

Triple Stumper
    $800 25
Dave Thomas

Darlyne
    $800 19
(Darlyne: What is China?)
(Dylan: What is Tibet?)
(Alex: Russia is the largest country; Canada is the second-largest, its largest province is Quebec & Ontario is second)

Ontario

DylanDarlyne
Triple Stumper
    $800 4
Egypt

Dylan
    $1,000 10
[The Naked Maja and The Clothed Maja]
(Dylan: Who is Manet?)

Francisco Goya

Dylan
    $1000 17
Bengal Lancers

Triple Stumper
    $900 26
(Darlyne: What is Nova?)
...
(Alex: Pick another clue.)
[The end-of-round signal sounds.]
(Alex: Ohhh, darn--we ran out of time and that's bad news for you, Darlyne. With no money, you can't play in Final Jeopardy!, so you will wind up with our third place prize.)

Mystery!

Darlyne
    $1000 20
South Korea

Triple Stumper
    $1000 5
New Guinea

Doug
    $1000 23
(Dylan: What is a greenhorn?)
(Darlyne: What is a greenfoot?)

Tenderfoot

DylanDarlyneDoug

Scores at the end of the Double Jeopardy! Round:

Dylan Darlyne Doug
$500 $0 $6,400
(lock game)

[wagering suggestions for these scores]

Final Jeopardy! Round responses

MUSEUMS
DylanWhat is Dallas? Hi Maxe!
$0
DougWhat is Dallas, TX
$4,000
Dallas

Final scores:

Dylan Darlyne Doug
$500 $0 $10,400
2nd place: Trip/Cruise to Belize & Guatemala 3rd place: Pair of Wittnauer International Watches New champion: $10,400

Game dynamics:

Coryat scores:

Dylan Darlyne Doug
$1,500 $800 $6,400
13 R,
7 W
(including 1 DD)
13 R
(including 1 DD),
8 W
(including 1 DD)
15 R,
0 W

Combined Coryat: $8,700

[game clues] [game scores] [suggest correction]

Game tape date: Unknown
The J! Archive is created by fans, for fans. Scraping, republication, monetization, and malicious use prohibited; this site may use cookies and collect identifying information. See terms. The Jeopardy! game show and all elements thereof, including but not limited to copyright and trademark thereto, are the property of Jeopardy Productions, Inc. and are protected under law. This website is not affiliated with, sponsored by, or operated by Jeopardy Productions, Inc. Join the discussion at JBoard.tv.